000 00656nam a2200229Ia 4500
003 OSt
005 20220928123952.0
006 a|||||r|||| 00| 0
007 ta
008 220927b |||||||| |||| 00| 0 eng d
024 _a50954
037 _cTextual
040 _aSDCL
_cSDCL
_beng
041 _2eng
_aeng
082 _aV53y7L69, M2
100 _aMackenzie Norman
_9462788
245 0 _aEscape from elba
_b The fall and flight of Napoleon 1814-1815.
260 _aNew York
_b Oxford University Press
_c1982
300 _axv,299p.
_ccm.
942 _hV53y7L69, M2
_cTEXL
_2CC
999 _c775752
_d775752